| 000 | 00874namaa2200277 a 4500 | ||
|---|---|---|---|
| 001 | vtls001229894 | ||
| 003 | NLI | ||
| 005 | 20210603145639.0 | ||
| 008 | 120330s1978 dcua 000 0 eng | ||
| 039 | 9 |
_y201203302018 _zVLOAD |
|
| 040 |
_aNLI _cVTLS-2012_FOD _eAACR2 |
||
| 041 | 0 | _aeng | |
| 044 | _adcu | ||
| 082 | 0 | 4 | _a915.204 |
| 110 | 2 |
_aUnited States. _bDepartment of Commerce _9111 |
|
| 245 | 1 | 0 |
_aJapan : _ba study of the international travel market / _cconducted by Hay Associates |
| 260 |
_aWashington : _bUnited States Government Printing Office, _c1978 |
||
| 300 |
_av, 78 p. : _bill. ; _c28 cm. |
||
| 650 | 0 |
_aTravel _xTravel destinations _9618365 |
|
| 650 | 0 |
_aDescription and travel _9193755 |
|
| 887 | _a | ||
| 901 |
_aAD129835 _b23.10.2010 |
||
| 902 | _aU.S 915.204 Us 3 j | ||
| 942 |
_2ddc _cBKS |
||
| 949 |
_AVIRTUAITEM _D10000 _X100 _6ADX000129835ENG |
||
| 999 |
_c456015 _d456015 |
||